000 00949cam a22002415a 4500
005 20081020032651.0
008 081003s2008 ii ab b 001 0 eng
010 _aENG-92635
020 _c760.00
035 _aEN-76168
037 _bDBAD / PUB
040 _adpl
_bEnglish
082 _a343.5464055
100 _aVerlekar, V.B. Prabhu
245 _aGoa entry tax manual /
_cby V. B. Prabhu Verlekar
260 _aGoa
_bDevki Publications
_c[200?]
270 _a102, Govinda Building, M. Gandhi Road,
_bPanjai-Goa
300 _a285p.
_c24cm (Hb)
610 _aGoa (India).
_tGoa Tax on Entry of Goods Act, 2000.
650 _aTaxation of articles of consumption
_xLaw and legislation
_zIndia
_zGoa.
942 _2ddc
_cEN
_mVER
_h343.5464055
999 _c22496
_d22496